<?xml version="1.0" encoding="UTF-8"?>
<record
    xmlns:xsi="http://www.w3.org/2001/XMLSchema-instance"
    xsi:schemaLocation="http://www.loc.gov/MARC21/slim http://www.loc.gov/standards/marcxml/schema/MARC21slim.xsd"
    xmlns="http://www.loc.gov/MARC21/slim">

  <leader>01552nam a2200373 a 4500</leader>
  <controlfield tag="001">000020382</controlfield>
  <controlfield tag="003">DO-SdBNP</controlfield>
  <controlfield tag="005">20180309112633.0</controlfield>
  <controlfield tag="007">000020382</controlfield>
  <controlfield tag="008">150130s2012  dr ac         000 0 spa d</controlfield>
  <datafield tag="020" ind1=" " ind2=" ">
    <subfield code="a">9789945116335</subfield>
  </datafield>
  <datafield tag="040" ind1=" " ind2=" ">
    <subfield code="a">BPMSU</subfield>
    <subfield code="b">spa</subfield>
    <subfield code="c">BPMSU</subfield>
  </datafield>
  <datafield tag="092" ind1=" " ind2=" ">
    <subfield code="a">372.7 </subfield>
    <subfield code="b">S237m,  4to    2012</subfield>
  </datafield>
  <datafield tag="100" ind1="1" ind2=" ">
    <subfield code="a">Santos, Altagracia</subfield>
  </datafield>
  <datafield tag="245" ind1="1" ind2="0">
    <subfield code="a">Matem&#xE1;ticas 4 :</subfield>
    <subfield code="b">educaci&#xF3;n b&#xE1;sica /</subfield>
    <subfield code="c">Altagracia Santos;  Andr&#xE9;s Molina Moloon</subfield>
  </datafield>
  <datafield tag="260" ind1=" " ind2=" ">
    <subfield code="a">Santo Domingo :</subfield>
    <subfield code="b">Santillana,</subfield>
    <subfield code="c">2012</subfield>
  </datafield>
  <datafield tag="300" ind1=" " ind2=" ">
    <subfield code="a">2v. :</subfield>
    <subfield code="b">il., retrs.</subfield>
    <subfield code="c">30 cm. +</subfield>
    <subfield code="e">CD-ROM</subfield>
  </datafield>
  <datafield tag="490" ind1="1" ind2=" ">
    <subfield code="a">Innova </subfield>
  </datafield>
  <datafield tag="505" ind1="0" ind2=" ">
    <subfield code="g">v.1.-</subfield>
    <subfield code="t">N&#xFA;meros hasta el mill&#xF3;n  --</subfield>
    <subfield code="t">Operaciones aritm&#xE9;ticas 1 --</subfield>
    <subfield code="t">Operaciones aritm&#xE9;ticas  2  --</subfield>
    <subfield code="t">Fracciones --</subfield>
    <subfield code="t">Los n&#xFA;meros decimales  --</subfield>
    <subfield code="t">Variaci&#xF3;n proporcional  --</subfield>
    <subfield code="t">Longitud y per&#xED;metro   --</subfield>
    <subfield code="t">L&#xED;neas y &#xE1;ngulos  --</subfield>
    <subfield code="t">Figuras y cuerpos  --</subfield>
    <subfield code="t">Simetr&#xED;a. Movimientos --</subfield>
    <subfield code="t">Medidas estad&#xED;stica --</subfield>
  </datafield>
  <datafield tag="505" ind1="0" ind2=" ">
    <subfield code="g">v.2.-</subfield>
    <subfield code="t">Gu&#xED;a recursos did&#xE1;cticos para el profesorado.</subfield>
  </datafield>
  <datafield tag="650" ind1=" " ind2="4">
    <subfield code="a">MATEM&#xC1;TICAS</subfield>
    <subfield code="x">ENSE&#xD1;ANZA B&#xC1;SICA</subfield>
  </datafield>
  <datafield tag="650" ind1=" " ind2="4">
    <subfield code="a">MATEM&#xC1;TICAS </subfield>
    <subfield code="x">ENSE&#xD1;ANZA  ELEMENTAL</subfield>
  </datafield>
  <datafield tag="650" ind1=" " ind2="4">
    <subfield code="a">EDUCACI&#xD3;N PRIMARIA</subfield>
    <subfield code="z">REP&#xDA;BLICA DOMINICANA</subfield>
  </datafield>
  <datafield tag="650" ind1=" " ind2="4">
    <subfield code="a">MATEM&#xC1;TICAS</subfield>
    <subfield code="x">LIBROS DE TEXTOS</subfield>
  </datafield>
  <datafield tag="650" ind1=" " ind2="4">
    <subfield code="a">MATEM&#xC1;TICAS</subfield>
    <subfield code="x">ESTUDIOS Y EJERCICIOS</subfield>
  </datafield>
  <datafield tag="700" ind1=" " ind2=" ">
    <subfield code="a">Molina Moloon, Andr&#xE9;s</subfield>
  </datafield>
  <datafield tag="830" ind1=" " ind2="0">
    <subfield code="a">Innova</subfield>
  </datafield>
  <datafield tag="910" ind1=" " ind2=" ">
    <subfield code="a">Validado. Control de calidad MFF</subfield>
  </datafield>
  <datafield tag="942" ind1=" " ind2=" ">
    <subfield code="2">ddc</subfield>
    <subfield code="c">BK</subfield>
  </datafield>
  <datafield tag="945" ind1=" " ind2=" ">
    <subfield code="a">Remanejado para BNPHU / 2018 BT</subfield>
  </datafield>
  <datafield tag="952" ind1=" " ind2=" ">
    <subfield code="0">0</subfield>
    <subfield code="1">0</subfield>
    <subfield code="2">ddc</subfield>
    <subfield code="4">0</subfield>
    <subfield code="7">0</subfield>
    <subfield code="a">BPMET</subfield>
    <subfield code="b">BPMET</subfield>
    <subfield code="d">2016-03-31</subfield>
    <subfield code="l">0</subfield>
    <subfield code="o">372.7 S237m 4to., 2012  v.1</subfield>
    <subfield code="p">BPMSU16030365</subfield>
    <subfield code="r">2016-03-31</subfield>
    <subfield code="w">2016-03-31</subfield>
    <subfield code="y">BK</subfield>
  </datafield>
  <datafield tag="952" ind1=" " ind2=" ">
    <subfield code="0">0</subfield>
    <subfield code="1">0</subfield>
    <subfield code="2">ddc</subfield>
    <subfield code="4">0</subfield>
    <subfield code="7">0</subfield>
    <subfield code="8">ESC</subfield>
    <subfield code="a">BPMET</subfield>
    <subfield code="b">BPMET</subfield>
    <subfield code="d">2016-03-31</subfield>
    <subfield code="l">0</subfield>
    <subfield code="o">372.7 S237m 4to. 2012  v.2 Gu&#xED;a</subfield>
    <subfield code="p">BPMSU16030366</subfield>
    <subfield code="r">2016-03-31</subfield>
    <subfield code="w">2016-03-31</subfield>
    <subfield code="y">BK</subfield>
  </datafield>
  <datafield tag="952" ind1=" " ind2=" ">
    <subfield code="0">0</subfield>
    <subfield code="1">0</subfield>
    <subfield code="2">ddc</subfield>
    <subfield code="4">0</subfield>
    <subfield code="7">0</subfield>
    <subfield code="8">ESC</subfield>
    <subfield code="a">BPMET</subfield>
    <subfield code="b">BPMET</subfield>
    <subfield code="d">2016-04-05</subfield>
    <subfield code="l">0</subfield>
    <subfield code="o">372.7   S237m    4to. 2012  v.2 Gu&#xED;a</subfield>
    <subfield code="p">BPMSU16040094</subfield>
    <subfield code="r">2016-04-05</subfield>
    <subfield code="t">ej. 2</subfield>
    <subfield code="w">2016-04-05</subfield>
    <subfield code="y">BK</subfield>
  </datafield>
  <datafield tag="956" ind1=" " ind2=" ">
    <subfield code="a">DGARCIA</subfield>
    <subfield code="b">10</subfield>
    <subfield code="c">20150702</subfield>
    <subfield code="l">BND01</subfield>
    <subfield code="h">0937</subfield>
  </datafield>
  <datafield tag="956" ind1=" " ind2=" ">
    <subfield code="a">YLOCKWARD</subfield>
    <subfield code="b">10</subfield>
    <subfield code="c">20150703</subfield>
    <subfield code="l">BND01</subfield>
    <subfield code="h">0946</subfield>
  </datafield>
  <datafield tag="956" ind1=" " ind2=" ">
    <subfield code="a">VMATEO</subfield>
    <subfield code="b">10</subfield>
    <subfield code="c">20150707</subfield>
    <subfield code="l">BPMSU</subfield>
    <subfield code="h">00151</subfield>
  </datafield>
  <datafield tag="999" ind1=" " ind2=" ">
    <subfield code="c">9462</subfield>
    <subfield code="d">9462</subfield>
  </datafield>
</record>
